Al-Qur`an (Record no. 8035)
[ view plain ]
| 000 -LEADER | |
|---|---|
| fixed length control field | 00597nam a2200241 a 4500 |
| 020 ## - INTERNATIONAL STANDARD BOOK NUMBER | |
| ISBN | |
| 082 00 - DEWEY DECIMAL CLASSIFICATION NUMBER | |
| Classification number | 297.122521 |
| Author Cutter | ALIA |
| 100 ## - MAIN ENTRY--AUTHOR NAME | |
| Author name | Ali, Ahmed |
| 245 ## - TITLE STATEMENT | |
| Title | Al-Qur`an |
| Sub title | Contemporary Translations. |
| 260 ## - PUBLICATION, DISTRIBUTION, ETC. (IMPRINT) | |
| Place of publication | Londan |
| Name of publisher | Oxford University Press |
| Year of publication | 1987 |
| 300 ## - PHYSICAL DESCRIPTION | |
| Number of Pages | 572p |
| 500 ## - GENERAL NOTE | |
| General note | includes index and biblioraphy |
| 505 2# - FORMATTED CONTENTS NOTE | |
| Formatted contents note | index |
| 650 ## - SUBJECT ADDED ENTRY--TOPICAL TERM | |
| Topical Term | Quran-Translation-English |
| 942 ## - ADDED ENTRY ELEMENTS (KOHA) | |
| Koha item type | Books |
| 700 1# - | |
| -- | Ali, Ahmed |
| Collection code | Home library | Current library | Date acquired | Cost, normal purchase price | Full call number | Accession Number | Koha item type |
|---|---|---|---|---|---|---|---|
| Henry Martyn Institute Library | Henry Martyn Institute Library | 07/31/2007 | 180.00 | 297.122521 ALIA | 012839 | Books |
